In quale anno? - Quiz n°11 - Statistics

Statistiche generali
  • Questo quiz è stato fatto 13 volte
  • Il punteggio medio è 4 su 8
Statistiche sulle risposte
Domanda Risposta % Corretto
Battaglia di Tagliacozzo tra Carlo I d'Angiò e Corradino di Svevia. 1268
100%
Bartolomeo Diaz doppia il Capo di Buona Speranza e scopre la via diretta per le Indie. 1488
100%
Charles Goodyear ottiene un brevetto per il suo processo di rafforzamento della gomma 1844
100%
Viene fondata la birreria Guinness a Dublino, Irlanda. 1759
50%
In molte piazze italiane si tiene il primo V-Day, l'iniziativa politica promossa da Beppe Grillo, due anni prima della fondazione del Movimento 5 Stelle. 2007
50%
Marco Aurelio e Lucio Vero diventano imperatori 161
0%
Italia: per la prima volta si svolgono le elezioni regionali nelle Regioni a statuto ordinario. 1970
0%
Ll celebre rapper Notorious B.I.G. viene assassinato a Los Angeles. 1997
0%
Nessun quiz corrispondente trovato
Distribuzione punteggi
Percentuale di utenti per punteggio
Percentile per numero di risposta
I tuoi punteggi nel tempo
Non hai fatto questo quiz